Russian Foreign Policy in the Twenty-first Century and the Shadow of the Past : (Record no. 616902)

MARC details
000 -LEADER
fixed length control field 00556nam a2200193 a 4500
008 - FIXED-LENGTH DATA ELEMENTS--GENERAL INFORMATION
fixed length control field 260304s2007##################000#0#eng##
020 ## - INTERNATIONAL STANDARD BOOK NUMBER
ISBN 9780231141222
082 04 - DEWEY DECIMAL CLASSIFICATION NUMBER
Classification number 327.47
Item number LEG
100 1# - MAIN ENTRY--AUTHOR NAME
Personal name Legvold, Robert,
245 10 - TITLE STATEMENT
Title Russian Foreign Policy in the Twenty-first Century and the Shadow of the Past :
260 ## - PUBLICATION, DISTRIBUTION, ETC. (IMPRINT)
Name of publisher Columbia University Press,
Year of publication 2007.
300 ## - PHYSICAL DESCRIPTION
Number of Pages 546 pages
650 #0 - SUBJECT ADDED ENTRY--TOPICAL TERM
Topical Term History.
942 ## - ADDED ENTRY ELEMENTS (KOHA)
Koha item type English Books
Holdings
Withdrawn status Lost status Damaged status Not for loan Home library Current library Shelving location Date acquired Full call number Accession Number Price effective from Koha item type
        Anna Centenary Library Anna Centenary Library 3RD FLOOR, B WING 04.03.2026 327.47 LEG 164494 04.03.2026 English Books

Find us on the map